| Tag |
First Indicator |
Second Indicator |
Subfields |
| LEADER |
00000cam a2200000 4500 |
| 001 |
in00000445921 |
| 005 |
20151012084837.0 |
| 008 |
711220s1965 dcu b 00000 eng u |
| 010 |
|
|
|a 65019290
|
| 035 |
|
|
|a (OCoLC)00184890
|
| 035 |
|
|
|9 ABY2102AM
|
| 040 |
|
|
|c WSU
|d TXA
|d UtOrBLW
|
| 049 |
|
|
|a TXAM
|c [458967]
|
| 050 |
|
0 |
|a LB1811
|b .M26
|
| 092 |
|
|
|a 370.732
|b M473a, 1965
|
| 100 |
1 |
|
|a Mayor, John Roberts.
|
| 245 |
1 |
0 |
|a Accreditation in teacher education :
|b its influence on higher education /
|c [by] John R. Mayor [and] Willis G. Swartz.
|
| 264 |
|
1 |
|a Washington :
|b National Commission on Accrediting,
|c [1965]
|
| 300 |
|
|
|a 311 pages
|
| 336 |
|
|
|a text
|b txt
|2 rdacontent
|
| 337 |
|
|
|a unmediated
|b n
|2 rdamedia
|
| 338 |
|
|
|a volume
|b nc
|2 rdacarrier
|
| 504 |
|
|
|a Bibliography: pages 299-303.
|
| 650 |
|
0 |
|a Teachers colleges
|x Accreditation.
|
| 700 |
1 |
|
|a Swartz, Willis G.
|
| 710 |
2 |
|
|a National Commission on Accrediting.
|
| 999 |
|
|
|a MARS
|
| 999 |
f |
f |
|s 38a2666e-3211-30ab-8ff8-57597c6b13a3
|i adc03d48-7cd8-3b8d-be34-41b9eca8f468
|t 0
|
| 952 |
f |
f |
|p normal
|a Texas A&M University
|b College Station
|c Sterling C. Evans Library
|d Evans: Library Stacks
|t 0
|e LB1811 .M26
|h Library of Congress classification
|i unmediated -- volume
|m A14800824281
|
| 998 |
f |
f |
|a LB1811 .M26
|t 0
|l Evans: Library Stacks
|